| 000 | 00800cab a2200265 4500 | ||
|---|---|---|---|
| 001 | WB3205-49 | ||
| 008 | 090401t1996 xxu||||| |||| 00| 0 eng d | ||
| 035 | _a(Sirsi) u14344 | ||
| 041 | _aeng | ||
| 245 | _aWaste planning guidelines | ||
| 260 | _c1996 | ||
| 350 | _a0 | ||
| 490 |
_aRICS Press Release _v(PR7.cons) 24 January 1996 |
||
| 490 |
_aThe Waste Manager _vDecember/January 1996, 5(2) |
||
| 520 | _aThe RICS supports the ESA`s planning guidance for waste management facilities. | ||
| 650 | _aENVIRONMENTAL SERVICES ASSOCIATION | ||
| 650 | _aPLANNING POLICY | ||
| 650 | _aPPG23 | ||
| 650 | _aWASTE MANAGEMENT | ||
| 650 | _aWASTE STRATEGY WHITE PAPER | ||
| 690 | _aENVIRONMENTAL AND LAND CONSULTANCY | ||
| 690 | _aPLANNING LAW AND PRACTICE | ||
| 942 | _n0 | ||
| 948 | _c04/03/1997 | ||
| 999 |
_c9330 _d9330 |
||